000 00682cam a2200205 4500
001 WB3605-23
008 000000n2000 000 0 eng u
035 _a(Sirsi) u103975
245 _aPrescott set to reject plans for £1.1m homes
260 _c2000
490 _aFinancial Times
_v 1 February 2000, 3(1)
520 _aJohn Prescott has indicated that he intends to reject proposals to build 1.1m new houses in the south-east of England. He will encourage a greater use of brownfield sites.
590 _aWB
650 _aPLANNING
650 _aBROWNFIELD SITES
650 _aSOUTH-EAST ENGLAND
650 _aNEW HOUSES
690 _aHOUSING-DEVELOPMENT
942 _n0
999 _c62400
_d62400